000 00920nam a2200241 i 4500
001 110147
003 ES-MaACL
005 20250625063155.0
007 t|
008 061121s1928 sp |||| | spa d
100 1 _aOcampo, Victoria,
_d1890-1979
_986446
245 1 0 _aDe Francesca a Beatrice
_b: a través de "La divina comedia" /
_cVictoria Ocampo ; epílogo de José Ortega y Gasset.
250 _a2ª ed.
260 _aMadrid :
_bRevista de Occidente,
_c1928.
300 _a181 p. ;
_c18 cm.
490 1 _aBiblioteca de la Revista de Occidente
600 0 4 _aDante Alighieri,
_d1265-1321.
_tLa divina commedia
_9175737
700 1 _aOrtega y Gasset, José,
_d1883-1955
_987503
830 1 _aBiblioteca de la Revista de Occidente
_9181088
852 _aES-MaACL
_jD-5682
852 _aES-MaACL
_jL-31676
_z- Donat. herederos de la bibl. de Mª del Pilar Costa Palacín
999 _c110147
_d110147